Encyclopaedia of Muslim biography : India, Pakistan and Bangladesh

Bibliographic Details
Format: Book
Published: New Delhi : A.P.H. Publishing Corporation , c2001
Subjects:

MARC

LEADER 00000cam a2200000 7i4500
001 0000048310
005 20051027093000.0
008 050203s2001
020 |a 8176482307 
090 0 0 |a DS432.M84   |b E56 2001 
245 1 0 |a Encyclopaedia of Muslim biography :   |b India, Pakistan and Bangladesh   |c edited by Nagendra Kr. Singh 
260 2 |a New Delhi :   |b A.P.H. Publishing Corporation ,   |c c2001 
300 |a 6 v. ;   |c 23 cm. 
650 0 |a Muslim   |z South Asia   |x Biography   |x Encyclopedias 
651 0 |a South Asia   |x Foreign relations   |x Encyclopedias 
999 |a 1000100807   |b Book   |c Reference   |e Gong Badak Campus 
999 |a 1000100808   |b Book   |c Reference   |e Gong Badak Campus 
999 |a 1000100809   |b Book   |c Reference   |e Gong Badak Campus 
999 |a 1000100810   |b Book   |c Reference   |e Gong Badak Campus 
999 |a 1000100811   |b Book   |c Reference   |e Gong Badak Campus